[Event "S10 a S14"]
[Site "Cambrils"]
[Date "2023.04.04"]
[Round "6.5"]
[White "Delgadillo Vidal, Philippe Arnau"]
[Black "Herman Gamazo, Isaac"]
[Result "0-1"]
[TimeControl "90'+30\""]
[WhiteElo "1666"]
[BlackElo "1834"]

1. e4 {[%clk 01:30:57]} {[%emt 00:00:02]} c5 {[%clk 01:30:48]} {[%emt
00:00:11]} 2. Nf3 {[%clk 01:31:23]} {[%emt 00:00:06]} d6 {[%clk 01:31:06]}
{[%emt 00:00:10]} 3. d4 {[%clk 01:31:43]} {[%emt 00:00:11]} cxd4 {[%clk
01:31:25]} {[%emt 00:00:10]} 4. Nxd4 {[%clk 01:31:59]} {[%emt 00:00:16]} Nf6
{[%clk 01:31:31]} {[%emt 00:00:23]} 5. Nc3 {[%clk 01:31:56]} {[%emt 00:00:34]}
a6 {[%clk 01:31:27]} {[%emt 00:00:34]} 6. h3 {[%clk 01:31:48]} {[%emt
00:00:38]} e5 {[%clk 01:30:51]} {[%emt 00:01:06]} 7. Nf3 {[%clk 01:31:49]}
{[%emt 00:00:28]} Be7 {[%clk 01:31:00]} {[%emt 00:00:19]} 8. Be3 {[%clk
01:28:15]} {[%emt 00:04:06]} Be6 {[%clk 01:30:42]} {[%emt 00:00:46]} 9. Be2
{[%clk 01:26:03]} {[%emt 00:02:43]} Nbd7 {[%clk 01:29:13]} {[%emt 00:01:58]} 10.
Ng5 {[%clk 01:22:52]} {[%emt 00:03:42]} Qc7 {[%clk 01:25:58]} {[%emt 00:03:46]}
11. Nxe6 {[%clk 01:18:45]} {[%emt 00:04:37]} fxe6 {[%clk 01:26:17]} {[%emt
00:00:10]} 12. O-O {[%clk 01:15:37]} {[%emt 00:03:39]} Rc8 {[%clk 01:22:41]}
{[%emt 00:04:05]} 13. Qd2 {[%clk 01:06:33]} {[%emt 00:09:35]} O-O {[%clk
01:22:40]} {[%emt 00:00:31]} 14. Rad1 {[%clk 01:03:51]} {[%emt 00:03:13]} Qc6
{[%clk 01:20:59]} {[%emt 00:02:10]} 15. Qd3 {[%clk 01:00:22]} {[%emt 00:03:59]}
Rfd8 {[%clk 01:16:15]} {[%emt 00:05:14]} 16. Kh1 {[%clk 00:51:50]} {[%emt
00:09:03]} b5 {[%clk 01:13:08]} {[%emt 00:03:36]} 17. a3 {[%clk 00:46:58]}
{[%emt 00:05:23]} Nc5 {[%clk 01:04:37]} {[%emt 00:09:01]} 18. Bxc5 {[%clk
00:46:43]} {[%emt 00:00:45]} Qxc5 {[%clk 01:02:41]} {[%emt 00:02:24]} 19. Rd2
{[%clk 00:34:00]} {[%emt 00:13:15]} Rc6 {[%clk 00:55:52]} {[%emt 00:07:19]} 20.
Qe3 {[%clk 00:24:19]} {[%emt 00:10:11]} Qxe3 {[%clk 00:56:16]} {[%emt
00:00:06]} 21. fxe3 {[%clk 00:24:41]} {[%emt 00:00:08]} Rxc3 {[%clk 00:56:13]}
{[%emt 00:00:33]} 22. Rxf6 {[%clk 00:23:25]} {[%emt 00:01:47]} gxf6 {[%clk
00:56:34]} {[%emt 00:00:09]} 23. bxc3 {[%clk 00:23:45]} {[%emt 00:00:10]} Rc8
{[%clk 00:56:58]} {[%emt 00:00:05]} 24. Rd3 {[%clk 00:23:18]} {[%emt 00:00:57]}
f5 {[%clk 00:57:17]} {[%emt 00:00:11]} 25. exf5 {[%clk 00:13:38]} {[%emt
00:10:10]} exf5 {[%clk 00:57:39]} {[%emt 00:00:07]} 26. e4 {[%clk 00:13:21]}
{[%emt 00:00:48]} fxe4 {[%clk 00:57:12]} {[%emt 00:00:55]} 27. Re3 {[%clk
00:13:29]} {[%emt 00:00:23]} d5 {[%clk 00:57:12]} {[%emt 00:00:31]} 28. a4
{[%clk 00:11:56]} {[%emt 00:02:04]} bxa4 {[%clk 00:55:14]} {[%emt 00:02:27]} 29.
Bxa6 {[%clk 00:12:10]} {[%emt 00:00:16]} Rc7 {[%clk 00:53:39]} {[%emt
00:02:05]} 30. c4 {[%clk 00:11:14]} {[%emt 00:01:26]} a3 {[%clk 00:53:56]}
{[%emt 00:00:13]} 31. cxd5 {[%clk 00:10:32]} {[%emt 00:01:12]} a2 {[%clk
00:54:05]} {[%emt 00:00:21]} 32. Re1 {[%clk 00:10:51]} {[%emt 00:00:10]} Ra7
{[%clk 00:54:22]} {[%emt 00:00:14]} 33. d6 {[%clk 00:10:05]} {[%emt 00:01:15]}
Rxa6 {[%clk 00:54:35]} {[%emt 00:00:18]} 34. dxe7 {[%clk 00:10:27]} {[%emt
00:00:09]} Kf7 {[%clk 00:54:59]} {[%emt 00:00:06]} 35. Ra1 {[%clk 00:10:24]}
{[%emt 00:00:33]} Kxe7 {[%clk 00:55:24]} {[%emt 00:00:05]} 36. Kg1 {[%clk
00:10:39]} {[%emt 00:00:15]} Kd6 {[%clk 00:55:38]} {[%emt 00:00:16]} 37. Kf2
{[%clk 00:10:19]} {[%emt 00:00:50]} Kd5 {[%clk 00:56:03]} {[%emt 00:00:05]} 38.
Ke2 {[%clk 00:09:19]} {[%emt 00:01:29]} Kd4 {[%clk 00:56:10]} {[%emt 00:00:24]}
39. Kd2 {[%clk 00:09:17]} {[%emt 00:00:32]} e3+ {[%clk 00:56:34]} {[%emt
00:00:07]} 40. Ke2 {[%clk 00:09:40]} {[%emt 00:00:06]} Kc3 {[%clk 00:55:52]}
{[%emt 00:01:12]} 41. Kxe3 {[%clk 00:10:00]} {[%emt 00:00:10]} Kb2 {[%clk
00:56:13]} {[%emt 00:00:09]} 42. Rxa2+ {[%clk 00:10:18]} {[%emt 00:00:13]} Rxa2
{[%clk 00:56:19]} {[%emt 00:00:23]} 43. Ke4 {[%clk 00:10:31]} {[%emt 00:00:17]}
Ra5 {[%clk 00:56:13]} {[%emt 00:00:36]} 44. g4 {[%clk 00:10:40]} {[%emt
00:00:21]} Kxc2 {[%clk 00:56:08]} {[%emt 00:00:36]} 45. h4 {[%clk 00:08:01]}
{[%emt 00:03:09]} Ra4+ {[%emt 00:02:22]} 0-1

[Event "S10 a S14"]
[Site "Cambrils"]
[Date "2023.04.04"]
[Round "6.6"]
[White "Jimenez Haneda, Naoki"]
[Black "Perez Monakhov, Andres"]
[Result "0-1"]
[TimeControl "90'+30\""]
[WhiteElo "1422"]
[BlackElo "1502"]

1. e4 {[%clk 01:30:57]} {[%emt 00:00:01]} c5 {[%clk 01:30:49]} {[%emt
00:00:12]} 2. Nc3 {[%clk 01:31:20]} {[%emt 00:00:08]} e6 {[%clk 01:30:36]}
{[%emt 00:00:43]} 3. f4 {[%clk 01:31:36]} {[%emt 00:00:14]} d5 {[%clk
01:30:25]} {[%emt 00:00:41]} 4. Nf3 {[%clk 01:31:37]} {[%emt 00:00:29]} d4
{[%clk 01:30:27]} {[%emt 00:00:27]} 5. Ne2 {[%clk 01:31:45]} {[%emt 00:00:22]}
Nc6 {[%clk 01:30:27]} {[%emt 00:00:30]} 6. d3 {[%clk 01:31:30]} {[%emt
00:00:46]} f5 {[%clk 01:29:59]} {[%emt 00:00:58]} 7. e5 {[%clk 01:29:42]}
{[%emt 00:02:18]} Nge7 {[%emt 00:02:05]} 8. g3 {[%clk 01:27:07]} {[%emt
00:02:39]} Nd5 {[%clk 01:27:58]} {[%emt 00:01:21]} 9. c4 {[%clk 01:24:54]}
{[%emt 00:02:45]} dxc3 {[%clk 01:27:36]} {[%emt 00:00:51]} 10. Nxc3 {[%clk
01:24:48]} {[%emt 00:00:37]} b6 {[%clk 01:25:29]} {[%emt 00:02:37]} 11. a3
{[%clk 01:21:12]} {[%emt 00:04:07]} Bb7 {[%clk 01:24:50]} {[%emt 00:01:09]} 12.
Bg2 {[%clk 01:19:02]} {[%emt 00:02:39]} h6 {[%clk 01:24:37]} {[%emt 00:00:42]}
13. O-O {[%clk 01:16:17]} {[%emt 00:03:17]} Be7 {[%emt 00:03:21]} 14. Nxd5
{[%clk 01:14:46]} {[%emt 00:01:29]} Qxd5 {[%clk 01:21:53]} {[%emt 00:00:54]} 15.
Qe2 {[%clk 01:11:06]} {[%emt 00:04:11]} Qd7 {[%clk 01:19:40]} {[%emt 00:02:42]}
16. Rd1 {[%clk 01:08:31]} {[%emt 00:03:04]} O-O {[%clk 01:19:06]} {[%emt
00:01:05]} 17. Be3 {[%clk 01:06:21]} {[%emt 00:02:40]} Ba6 {[%clk 01:14:29]}
{[%emt 00:05:07]} 18. Qc2 {[%clk 01:05:21]} {[%emt 00:01:30]} Rac8 {[%clk
01:13:46]} {[%emt 00:01:14]} 19. Qa4 {[%clk 01:02:21]} {[%emt 00:03:29]} Bb7
{[%clk 01:13:09]} {[%emt 00:01:05]} 20. d4 {[%clk 01:01:21]} {[%emt 00:01:32]}
c4 {[%clk 01:12:06]} {[%emt 00:01:33]} 21. Qxc4 {[%clk 00:57:05]} {[%emt
00:04:46]} Nb4 {[%clk 01:11:01]} {[%emt 00:01:35]} 22. Qe2 {[%clk 00:56:22]}
{[%emt 00:01:13]} Ba6 {[%clk 01:10:53]} {[%emt 00:00:38]} 23. Qf2 {[%clk
00:56:42]} {[%emt 00:00:09]} Rc2 {[%clk 01:10:04]} {[%emt 00:01:18]} 24. Bd2
{[%clk 00:54:05]} {[%emt 00:03:08]} Nd3 {[%clk 01:08:14]} {[%emt 00:02:20]} 25.
Qe3 {[%clk 00:54:11]} {[%emt 00:00:20]} Nxb2 {[%clk 01:06:55]} {[%emt
00:01:52]} 26. Qb3 {[%clk 00:53:04]} {[%emt 00:01:38]} Rfc8 {[%clk 01:06:59]}
{[%emt 00:00:26]} 27. Rdc1 {[%clk 00:52:08]} {[%emt 00:01:26]} Rxc1+ {[%clk
01:06:31]} {[%emt 00:00:58]} 28. Rxc1 {[%clk 00:52:22]} {[%emt 00:00:16]} Rxc1+
{[%clk 01:06:28]} {[%emt 00:00:32]} 29. Bxc1 {[%clk 00:52:47]} {[%emt
00:00:06]} Na4 {[%clk 01:05:40]} {[%emt 00:01:16]} 30. Be3 {[%clk 00:50:57]}
{[%emt 00:02:21]} b5 {[%clk 01:03:39]} {[%emt 00:02:31]} 31. Kf2 {[%clk
00:45:30]} {[%emt 00:05:57]} Nb6 {[%clk 01:03:22]} {[%emt 00:00:47]} 32. Nd2
{[%clk 00:43:22]} {[%emt 00:02:38]} Nc4 {[%clk 01:02:58]} {[%emt 00:00:54]} 33.
Nxc4 {[%clk 00:41:48]} {[%emt 00:02:04]} bxc4 {[%clk 01:02:14]} {[%emt
00:01:14]} 34. Qb8+ {[%clk 00:40:55]} {[%emt 00:01:23]} Kh7 {[%clk 01:02:32]}
{[%emt 00:00:12]} 35. Bf1 {[%clk 00:39:50]} {[%emt 00:01:35]} Bxa3 {[%clk
01:02:30]} {[%emt 00:00:32]} 36. Qb1 {[%clk 00:38:13]} {[%emt 00:02:08]} Be7
{[%clk 01:01:55]} {[%emt 00:01:04]} 37. Qa2 {[%clk 00:37:42]} {[%emt 00:01:02]}
Qc6 {[%clk 01:01:47]} {[%emt 00:00:38]} 38. Bg2 {[%clk 00:37:23]} {[%emt
00:00:49]} Qb5 {[%clk 01:01:39]} {[%emt 00:00:37]} 39. Bf1 {[%clk 00:37:43]}
{[%emt 00:00:11]} Bb4 {[%clk 01:01:14]} {[%emt 00:00:55]} 40. Bd2 {[%clk
00:34:00]} {[%emt 00:04:13]} Bxd2 {[%clk 01:00:45]} {[%emt 00:00:58]} 41. Qxd2
{[%clk 00:34:19]} {[%emt 00:00:12]} Qc6 {[%clk 00:59:50]} {[%emt 00:01:25]} 42.
Bg2 {[%clk 00:34:15]} {[%emt 00:00:33]} Qa4 {[%clk 00:59:43]} {[%emt 00:00:36]}
43. Bf1 {[%clk 00:32:13]} {[%emt 00:02:34]} Bb7 {[%clk 00:59:48]} {[%emt
00:00:25]} 44. Qc3 {[%clk 00:32:20]} {[%emt 00:00:23]} Qa2+ {[%clk 00:59:48]}
{[%emt 00:00:29]} 45. Kg1 {[%clk 00:32:44]} {[%emt 00:00:07]} Bd5 {[%clk
01:00:03]} {[%emt 00:00:15]} 46. Qc1 {[%clk 00:30:14]} {[%emt 00:03:01]} a5
{[%clk 01:00:09]} {[%emt 00:00:24]} 47. h3 {[%clk 00:30:03]} {[%emt 00:00:40]}
Qb3 {[%emt 00:01:20]} 48. g4 {[%clk 00:28:07]} {[%emt 00:02:07]} Qg3+ {[%clk
00:59:47]} {[%emt 00:00:19]} 0-1

[Event "S10 a S14"]
[Site "Cambrils"]
[Date "2023.04.04"]
[Round "6.7"]
[White "Lopes Saez, Guillermo"]
[Black "Bru Montoya, Pau"]
[Result "0-1"]
[TimeControl "90'+30\""]
[BlackFideId "54743516"]
[WhiteElo "1088"]
[BlackElo "1603"]

1. e4 {[%clk 01:30:58]} {[%emt 00:00:01]} e5 {[%clk 01:30:57]} {[%emt
00:00:03]} 2. Nf3 {[%clk 01:31:22]} {[%emt 00:00:06]} Nc6 {[%clk 01:31:23]}
{[%emt 00:00:04]} 3. Bc4 {[%clk 01:31:44]} {[%emt 00:00:08]} Nf6 {[%clk
01:31:36]} {[%emt 00:00:17]} 4. d3 {[%clk 01:32:02]} {[%emt 00:00:12]} Bc5
{[%emt 00:00:42]} 5. Nc3 h6 6. Be3 Bb6 7. O-O O-O 8. h3 d6 {[%clk 01:31:23]} 9.
Bxb6 {[%clk 01:26:59]} {[%emt 00:13:39]} axb6 {[%clk 01:27:20]} {[%emt
00:00:29]} 10. d4 {[%clk 01:26:57]} {[%emt 00:00:31]} Bd7 {[%clk 01:24:17]}
{[%emt 00:03:34]} 11. dxe5 {[%clk 01:23:16]} {[%emt 00:04:11]} dxe5 {[%emt
00:02:00]} 12. Re1 {[%emt 00:05:30]} Nh5 {[%emt 00:04:08]} 13. Bd3 {[%clk
01:16:28]} {[%emt 00:02:25]} Nf4 {[%clk 01:17:59]} {[%emt 00:01:33]} 14. Ne2
{[%clk 01:14:16]} {[%emt 00:02:42]} Qf6 {[%clk 01:10:44]} {[%emt 00:07:44]} 15.
Nxf4 {[%clk 01:12:38]} {[%emt 00:02:10]} Qxf4 {[%emt 00:05:53]} 16. a3 {[%clk
01:07:05]} {[%emt 00:00:31]} Qf6 {[%clk 01:09:38]} {[%emt 00:01:46]} 17. Qd2
{[%emt 00:04:03]} Bxh3 {[%clk 01:07:54]} {[%emt 00:01:09]} 18. Nxe5 {[%clk
01:01:55]} {[%emt 00:03:11]} Nxe5 {[%clk 01:08:12]} {[%emt 00:00:13]} 19. f4
{[%emt 00:01:17]} Nxd3 {[%clk 01:07:42]} {[%emt 00:00:57]} 20. cxd3 {[%clk
01:01:27]} {[%emt 00:00:13]} Bg4 {[%clk 01:07:23]} {[%emt 00:00:49]} 21. f5
{[%clk 00:57:35]} Qd4+ {[%clk 01:07:17]} {[%emt 00:04:57]} 22. Kh1 {[%clk
00:57:32]} Rad8 {[%clk 01:07:24]} {[%emt 00:00:57]} 23. Qf4 {[%clk 00:55:36]}
h5 {[%emt 00:02:45]} 24. Qxc7 Rc8 25. Qg3 Rc2 26. Rf1 {[%clk 00:55:36]} Rd2
{[%clk 01:06:43]} 27. Rab1 {[%emt 00:15:03]} Rxd3 {[%clk 01:05:41]} 28. Qe1
{[%clk 00:46:27]} {[%emt 00:00:29]} Re3 {[%clk 01:04:45]} {[%emt 00:01:27]} 29.
Qf2 {[%emt 00:01:58]} Qxe4 {[%clk 01:03:55]} {[%emt 00:00:25]} 30. Rbe1 {[%clk
00:43:08]} {[%emt 00:03:16]} Rxe1 {[%clk 01:03:36]} {[%emt 00:00:49]} 31. Rxe1
{[%clk 00:43:25]} {[%emt 00:00:12]} Qxf5 {[%clk 01:03:56]} {[%emt 00:00:09]} 32.
Qxb6 {[%clk 00:43:21]} {[%emt 00:00:36]} Qf6 {[%clk 01:03:38]} {[%emt
00:00:46]} 33. Qxf6 {[%clk 00:43:12]} {[%emt 00:00:38]} gxf6 {[%clk 01:04:03]}
{[%emt 00:00:06]} 34. Rf1 {[%clk 00:42:56]} {[%emt 00:00:46]} Kg7 {[%clk
01:04:11]} {[%emt 00:00:22]} 35. Rc1 {[%clk 00:43:13]} {[%emt 00:00:13]} Rc8
{[%clk 01:04:26]} {[%emt 00:00:10]} 36. Rxc8 {[%clk 00:42:49]} {[%emt
00:01:00]} Bxc8 {[%clk 01:04:53]} {[%emt 00:00:03]} 37. Kh2 {[%emt 00:00:44]}
Kg6 {[%clk 01:04:51]} {[%emt 00:00:03]} 38. Kg3 {[%clk 00:43:18]} {[%emt
00:00:16]} Kg5 {[%clk 01:04:58]} {[%emt 00:00:21]} 39. Kf3 {[%clk 00:43:02]}
{[%emt 00:00:47]} Kf5 {[%clk 01:05:17]} {[%emt 00:00:11]} 40. Ke3 {[%clk
00:41:29]} {[%emt 00:02:04]} Ke5 {[%clk 01:05:35]} {[%emt 00:00:11]} 41. Kd3
{[%clk 00:41:13]} {[%emt 00:00:46]} Kd5 {[%clk 01:06:01]} {[%emt 00:00:04]} 42.
Kc3 {[%clk 00:41:11]} {[%emt 00:00:31]} Kc5 {[%emt 00:00:23]} 43. Kd3 {[%clk
00:40:36]} {[%emt 00:00:51]} Bf5+ {[%clk 01:06:43]} {[%emt 00:00:09]} 44. Kc3
{[%clk 00:40:17]} {[%emt 00:00:50]} h4 {[%clk 01:06:56]} {[%emt 00:00:17]} 45.
b4+ {[%emt 00:02:09]} Kb5 {[%clk 01:07:06]} {[%emt 00:00:12]} 46. Kb3 {[%emt
00:02:16]} Be4 {[%clk 01:06:57]} {[%emt 00:00:26]} 47. a4+ {[%clk 00:37:12]}
{[%emt 00:00:31]} Ka6 {[%clk 01:07:08]} {[%emt 00:00:18]} 48. a5 {[%clk
00:36:35]} {[%emt 00:01:08]} Kb5 {[%emt 00:00:42]} 49. Ka3 {[%clk 00:35:54]}
{[%emt 00:00:45]} Bxg2 {[%clk 01:07:39]} {[%emt 00:00:13]} 50. Kb3 {[%emt
00:00:32]} h3 {[%clk 01:07:35]} {[%emt 00:00:10]} 51. Kc3 {[%clk 00:36:15]}
{[%emt 00:00:30]} h2 {[%emt 00:00:09]} 52. Kb3 {[%clk 00:36:31]} {[%emt
00:00:13]} h1=Q {[%clk 01:08:16]} {[%emt 00:00:11]} 53. Kc3 {[%clk 00:36:43]}
{[%emt 00:00:18]} Qd1 {[%emt 00:00:21]} 54. Kb2 {[%clk 00:37:01]} {[%emt
00:00:07]} Kxb4 {[%clk 01:08:33]} {[%emt 00:00:26]} 55. Ka2 {[%clk 00:37:17]}
{[%emt 00:00:14]} Qc2+ {[%clk 01:08:41]} {[%emt 00:00:21]} 56. Ka1 {[%clk
00:37:29]} {[%emt 00:00:20]} Bd5 {[%clk 01:08:57]} {[%emt 00:00:13]} 57. a6
{[%clk 00:37:28]} {[%emt 00:00:31]} Qc1# {[%emt 00:00:07]} 0-1